プロ野球スピリッツA(プロスピA) 球威Aの選手名(2024) - Statistics

General Stats
  • This quiz has been taken 135 times
  • The average score is 12 of 17
Answer Stats
球団名 球威値 選手名 % Correct
中日 A(85) R.マルティネス
92%
巨人 A(82) 大勢
90%
西武 A(81) 今井達也
85%
広島 A(83) 栗林良吏
82%
中日 A(81) 髙橋宏斗
81%
阪神 A(80) 才木浩人
80%
西武 A(83) 平良海馬
79%
日本ハム A(80) 田中正義
78%
中日 A(80) 松山晋也
76%
ソフトバンク A(85) L.モイネロ
76%
ソフトバンク A(80) R.オスナ
76%
ロッテ A(85) 佐々木朗希
72%
中日 A(81) 清水達也
58%
ソフトバンク A(81) 藤井皓哉
56%
中日 A(80) 藤嶋健人
48%
楽天 A(81) 鈴木翔天
47%
ソフトバンク A(81) 津森宥紀
25%
No matching quizzes found
Score Distribution
Percent of People with Each Score
Percentile by Number Answered
Your Score History
You have not taken this quiz